00310nam a22000857a 4500008004100000040005500041245006600096260005000162650001200212230718b |||||||| |||| 00| 0 eng d aNational Science LibrarycNational Science Library aTech trade Europe: bThe international technology marketplace aLondon: bVNU Business Press Group BV, c1983 aProject